00360nam a2200121 i 4500001000300000245004100003260002800044040000800072041000800080080001100088008004100099856009800140bg 0aMethods of Mathematical Programming. aWarszawa :bPWN,c1981. cBPK apol a519.85 s pl f |000 0 pol  uhttp://koha.tu.koszalin.pl/cgi-bin/koha/opac-detail.pl?biblionumber=20451yKatalog online BPK